Страны Мира (Strany Mira) - Statistics

General Stats
  • This quiz has been taken 7 times
  • The average score is 112 of 197
Answers on the Map
Answers color-coded by a green-red scale on the quiz's map according to % correct below.
 
Answer Stats
Answer % Correct
Афганистан (Afganistan)
80%
Албания (Albaniya)
80%
Андорра (Andorra)
80%
Армения (Armeniya)
80%
Австрия (Avstriya)
80%
Азербайджан (Azerbaydzhan)
80%
Бангладеш (Bangladesh)
80%
Беларусь (Belarus')
80%
Бельгия (Bel'giya)
80%
Босния и Герцеговина (Bosniya i Gertsegovina)
80%
Дания (Daniya)
80%
Эстония (Estoniya)
80%
Франция (Frantsiya)
80%
Германия (Germaniya)
80%
Грузия (Gruziya)
80%
Индия (Indiya)
80%
Ирак (Irak)
80%
Иран (Iran)
80%
Ирландия (Irlandiya)
80%
Исландия (Islandiya)
80%
Италия (Italiya)
80%
Канада (Kanada)
80%
Казахстан (Kazakhstan)
80%
Китай (Kitay)
80%
Косово (Kosovo)
80%
Латвия (Latviya)
80%
Литва (Litva)
80%
Молдова (Moldova)
80%
Монако (Monako)
80%
Монголия (Mongoliya)
80%
Норвегия (Norvegiya)
80%
Пакистан (Pakistan)
80%
Польша (Pol'sha)
80%
Португалия (Portugaliya)
80%
Россия (Rossiya)
80%
Сан-Марино (San-Marino)
80%
Сербия (Serbiya)
80%
Северная Корея (Severnaya Koreya)
80%
Северная Македония (Severnaya Makedoniya)
80%
Словакия (Slovakiya)
80%
Словения (Sloveniya)
80%
Соединённые Штаты Америки (Soyedinyonnyye Shtaty Ameriki)
80%
Судан (Sudan)
80%
Тайвань (Tayvan')
80%
Туркменистан (Turkmenistan)
80%
Турция (Turtsiya)
80%
Украина (Ukraina)
80%
Узбекистан (Uzbekistan)
80%
Ватикан (Vatikan)
80%
Венгрия (Vengriya)
80%
Вьетнам (V'yetnam)
80%
Япония (Yaponiya)
80%
Южная Корея (Yuzhnaya Koreya)
80%
Южный Судан (Yuzhniy Sudan)
80%
Ангола (Angola)
60%
Аргентина (Argentina)
60%
Австралия (Avstraliya)
60%
Белиз (Beliz)
60%
Бенин (Benin)
60%
Болгария (Bolgariya)
60%
Боливия (Boliviya)
60%
Бразилия (Braziliya)
60%
Бруней (Bruney)
60%
Бутан (Butan)
60%
Чад (Chad)
60%
Чехия (Chekhiya)
60%
Черногория (Chernogoriya)
60%
Чили (Chili)
60%
Доминика (Dominika)
60%
Доминиканская Республика (Dominikanskaya Respublika)
60%
Эфиопия (Efiopiya)
60%
Египет (Egipet)
60%
Эквадор (Ekvador)
60%
Эль-Сальвадор (El'-Sal'vador)
60%
Эритрея (Eritreya)
60%
Федеративные Штаты Микронезии (Federativnyye Shtaty Mikronezii)
60%
Фиджи (Fidzhi)
60%
Финляндия (Finlyandiya)
60%
Гайана (Gayana)
60%
Греция (Gretsiya)
60%
Гватемала (Gvatemala)
60%
Индонезия (Indoneziya)
60%
Испания (Ispaniya)
60%
Израиль (Izrail')
60%
Камбоджа (Kambodzha)
60%
Кения (Keniya)
60%
Хорватия (Khorvatiya)
60%
Кирибати (Kiribati)
60%
Колумбия (Kolumbiya)
60%
Коста-Рика (Kosta-Rika)
60%
Куба (Kuba)
60%
Кувейт (Kuveyt)
60%
Лаос (Laos)
60%
Либерия (Liberiya)
60%
Лихтенштейн (Likhtenshteyn)
60%
Ливан (Livan)
60%
Ливия (Liviya)
60%
Люксембург (Lyuksemburg)
60%
Мадагаскар (Madagaskar)
60%
Мали (Mali)
60%
Мальта (Mal'ta)
60%
Мавритания (Mavritaniya)
60%
Мьянма (M'yanma)
60%
Непал (Nepal)
60%
Нидерланды (Niderlandy)
60%
Нигер (Niger)
60%
Нигерия (Nigeriya)
60%
Никарагуа (Nikaragua)
60%
Новая Зеландия (Novaya Zelandiya)
60%
Оман (Oman)
60%
Палестина (Palestina)
60%
Панама (Panama)
60%
Папуа — Новая Гвинея (Papua — Novaya Gvineya)
60%
Парагвай (Paragvay)
60%
Перу (Peru)
60%
Румыния (Rumyniya)
60%
Самоа (Samoa)
60%
Швеция (Shvetsiya)
60%
Швейцария (Shveytsariya)
60%
Сирия (Siriya)
60%
Сомали (Somali)
60%
Соединённое Королевство (Soyedinyonnoye Korolevstvo)
60%
Суринам (Surinam)
60%
Тимор-Лешти (Timor-Leshti)
60%
Уругвай (Urugvay)
60%
Вануату (Vanuatu)
60%
Венесуэла (Venezuela)
60%
Ямайка (Yamayka)
60%
Йемен (Yemen)
60%
Зимбабве (Zimbabve)
60%
Алжир (Alzhir)
40%
Бахрейн (Bakhreyn)
40%
Барбадос (Barbados)
40%
Ботсвана (Botsvana)
40%
Буркина-Фасо (Burkina-Faso)
40%
Бурунди (Burundi)
40%
Демократическая Республика Конго (Demokraticheskaya Respublika Kongo)
40%
Джибути (Dzhibuti)
40%
Экваториальная Гвинея (Ekvatorial'naya Gvineya)
40%
Филиппины (Filippiny)
40%
Габон (Gabon)
40%
Гаити (Gaiti)
40%
Гамбия (Gambiya)
40%
Гана (Gana)
40%
Гондурас (Gonduras)
40%
Гвинея (Gvineya)
40%
Иордания (Iordaniya)
40%
Камерун (Kamerun)
40%
Катар (Katar)
40%
Коморы (Komory)
40%
Кыргызстан (Kyrgyzstan)
40%
Малави (Malavi)
40%
Малайзия (Malayziya)
40%
Мальдивы (Mal'divy)
40%
Марокко (Marokko)
40%
Маршалловы Острова (Marshallovy Ostrova)
40%
Мексика (Meksika)
40%
Мозамбик (Mozambik)
40%
Намибия (Namibiya)
40%
Науру (Nauru)
40%
Объединённые Арабские Эмираты (Ob"yedinyonnyye Arabskiye Emiraty)
40%
Палау (Palau)
40%
Республика Конго (Respublika Kongo)
40%
Руанда (Ruanda)
40%
Саудовская Аравия (Saudovskaya Araviya)
40%
Сенегал (Senegal)
40%
Сент-Люсия (Sent-Lyusiya)
40%
Шри-Ланка (Shri-Lanka)
40%
Сингапур (Singapur)
40%
Соломоновы Острова (Solomonovy Ostrova)
40%
Таджикистан (Tadzhikistan)
40%
Таиланд (Tailand)
40%
Танзания (Tanzaniya)
40%
Того (Togo)
40%
Тонга (Tonga)
40%
Центральноафриканская Республика (Tsentral'noafrikanskaya Respublika)
40%
Тунис (Tunis)
40%
Тувалу (Tuvalu)
40%
Уганда (Uganda)
40%
Южная Африка (Yuzhnaya Afrika)
40%
Замбия (Zambiya)
40%
Багамские Острова (Bagamskiye Ostrova)
20%
Эсватини (Esvatini)
20%
Гренада (Grenada)
20%
Гвинея-Бисау (Gvineya-Bisau)
20%
Кабо-Верде (Kabo-Verde)
20%
Кипр (Kipr)
20%
Кот-д’Ивуар (Kot-d'Ivuar)
20%
Лесото (Lesoto)
20%
Маврикий (Mavrikiy)
20%
Сан-Томе и Принсипи (San-Tome i Prinsipi)
20%
Сент-Китс и Невис (Sent-Kits i Nevis)
20%
Сейшельские Острова (Seyshel'skiye Ostrova)
20%
Сьерра-Леоне (S'yerra-Leone)
20%
Тринидад и Тобаго (Trinidad i Tobago)
20%
Антигуа и Барбуда (Antigua i Barbuda)
0%
Сент-Винсент и Гренадины (Sent-Vinsent i Grenadiny)
0%
No matching quizzes found
Score Distribution
Percent of People with Each Score
Percentile by Number Answered
Your Score History
You have not taken this quiz